Movies at the Half-Hour Mark (2000s II) Quiz Stats

 Plays Quiz Updated Feb 14, 2018

Score 0/20 Timer 05:00
13 Plays Today
% Correct
School of Rock
94.4%
Anchorman: The Legend of Ron Burgundy
94.1%
The Devil Wears Prada
90%
Zoolander
81.2%
Harold & Kumar Go to White Castle
78.6%
Hot Fuzz
71.7%
Kill Bill: Vol. 1
70.8%
Fantastic Mr. Fox
70.5%
Sin City
66.1%
The Notebook
62.6%
% Correct
Team America: World Police
56%
Wedding Crashers
55%
District 9
49.6%
Collateral
45.8%
Spirited Away
44.1%
Marie Antoinette
43.7%
Idiocracy
19.1%
Ghost World
17.5%
Brick
12%
Kung Fu Hustle
6.7%

You're not logged in!

Compare scores with friends on all Sporcle quizzes.
OR
Log In

You Might Also Like...

Show Comments

Extras

Top Quizzes Today


Score Distribution

Your Account Isn't Verified!

In order to create a playlist on Sporcle, you need to verify the email address you used during registration. Go to your Sporcle Settings to finish the process.

Report this User

Report this user for behavior that violates our Community Guidelines.

Details: